| 000 | 01844pam a2200193 a 4500 | ||
|---|---|---|---|
| 999 |
_c3238 _d3238 |
||
| 020 | _a0070213550 | ||
| 020 | _a9780070213555 | ||
| 050 | 0 | 0 |
_aHF5635 _b.E85 |
| 100 | 1 | _aEskew, Robert K., | |
| 245 | 1 | 0 |
_aFinancial accounting / _cRobert K. Eskew, Daniel L. Jensen. |
| 250 | _a5th ed. | ||
| 260 |
_aNew York : _bMcGraw-Hill, _c1996. |
||
| 300 |
_axxxi, 896 p. : _bcol. ill. ; _c29 cm. |
||
| 500 | _aIncludes index. | ||
| 505 | _aPART 1: INTRODUCTION Chapter 1: Accounting and Accounting Information Chapter 2: The Financial Statement PART 2: THE ACCOUNTING CYCLE Chapter 3: Recording Business Activity Chapter 4: Adjustment Chapter 5: Accountability and Control PART 3: ACCOUNTING FOR ASSETS Chapter 6: Income and the Operating Cycle Chapter 7: Controlling, Costing and Analyzing Inventories Chapter 8: Reporting and Controlling Liquid Assets Chapter 9: Measuring and Reporting Long - Term Operating Assets PART 4: ACCOUNTING FOR LIABILITIES AND EQUITY Chapter 10: Current Liabilities, Contingent Liabilities and the Time Values of Money Chapter 11 A: Long - Term Debt: Straight - Line Interest Chapter 11 B: Long - Term Debt: Effective Interest Procedures Chapter 12: Analyzing and Reporting owners' Equity PART 5: ADDITIONAL DIMENSIONS OF FINANCIAL REPORTING Chapter 13: The Statement of Cash Flows Chapter 14: Long - Term Investments, Consolidated Financial Statements and Business Combinations Chapter 15: Financial Statement Analysis Chapter 16: Managing and Accounting for Corporate Income SUPPLEMENTARY TOPICS TOPIC A: Accounting for NonBusiness Organizations TOPIC B: Accounting for Changing Prices TOPIC C: Accounting for International Operations TOPIC D: Personal Income Taxation TOPIC E: Recognition and Measurements | ||
| 650 | 0 | _aAccounting. | |
| 700 | 1 | _aJensen, Daniel L. | |
| 942 | _cBK | ||